Artist By Songs Quiz - Statistics

General Stats
  • This quiz has been taken 46 times
  • The average score is 8 of 16
Answer Stats
Hint Answer % Correct
She Loves You, Yesterday, Let It Be The Beatles
96%
Smells Like Teen Spirit, Come As You Are, Lithium Nirvana
89%
Blowin' in the Wind, Like a Rolling Stone, Knockin' on Heavens Door Bob Dylan
85%
Satisfaction, Ruby Tuesday, Beast of Burden The Rolling Stones
80%
Changes, Rebel Rebel, Modern Love David Bowie
65%
Break on Through (To the Other Side), Light My Fire, People Are Strange The Doors
57%
Substitute, Behind Blue Eyes, Squeeze Box The Who
52%
Iron Man, War Pigs, N.I.B. Black Sabbath
50%
All Star, Walking on the Sun, Then the Morning Comes Smash Mouth
39%
Feels Like the First Time, Double Vision, Urgent Foreigner
37%
Jeremy, Even Flow, Dissident Pearl Jam
37%
Peace of Mind, Don't Look Back, Amanda Boston
35%
Instant Karma, Power to the People, Watching The Wheels John Lennon
35%
Adam's Song, The Rock Show, I Miss You Blink-182
26%
Good Times Roll, My Best Friend's Girl, Let's Go! The Cars
24%
Man in the Box, Sea of Sorrow, Heaven Beside You Alice in Chains
22%
No matching quizzes found
Score Distribution
Percent of People with Each Score
Percentile by Number Answered
Your Score History
You have not taken this quiz